000 00743nam a2200241 a 4500
001 BRL_1595
005 20190320211259.0
008 090414s1963----u--ao#####---#000-0#eng-#
041 _aeng
044 _au
050 4 _aNK7314
_b.D38 1963
100 1 _aDavis, Mary L.
_927388
245 1 0 _aMexican jewelry
_cMary L. Davis and Greta Pack ; with drawings by Mary L. Davis.
260 _aAustin, Texas
_bUniversity of Texas
_c1963
300 _axv, 262 p.
_bil., fotografías (blanco y negro)
_c22 cm.
500 _aAu382
500 _aEstado físico: Camisa un poco rota.
504 _aBibliografía: p. 245-249
650 1 4 _aJoyas
_xHistoria
_zMéxico
_927389
700 1 _aGreta, Pack
_ecoaut.
_927390
902 _aGRL
942 _2lcc
_cB
999 _c10404
_d10404